00390nam a2200121Ia 4500008004100000082001900041100003000060245004300090260004200133300001000175630001800185650006500203211109s9999||||xx |||||||||||||| ||und|| a822.33 bSMI-S aSmith And, D Nichol Edr,  0aShakespeare Criticism A Selection, W C bOxford University PressaBombayc1923 a413p. xGeneral Stack aEnglish & Old English literaturesvEnglish DramaxLiterature